000 00444nam a2200145Ia 4500
008 100204s9999 xx 000 0 und d
082 _b24894
100 _aवाड विजया
245 _aजीवन हिंदोळा
260 _b"दिलीप प्रकाशन , पुणे"
300 _a126
630 _aजीवन हिंदोळा
730 _aजीवन हिंदोळा
942 _cBOOK
999 _c470072
_d470069